Tratamientos del agua residual del beneficiado del café. Parámetros de diseño
Tallennettuna:
| Päätekijä: | |
|---|---|
| Aineistotyyppi: | Tuntematon |
| Julkaistu: |
[San José, Costa Rica]
1974
|
| Aiheet: | |
| Tagit: |
Lisää tagi
Ei tageja, Lisää ensimmäinen tagi!
|
MARC
| LEADER | 00000 a2200000 4500 | ||
|---|---|---|---|
| 003 | 011475 | ||
| 005 | 20221231143808.0 | ||
| 008 | 140114s1974 cr a m 000 ||s d | ||
| 040 | |c cru CEDI | ||
| 090 | |a TFG 557 | ||
| 100 | |a Morúa Sánchez, Meyer |9 16701 | ||
| 245 | |a Tratamientos del agua residual del beneficiado del café. Parámetros de diseño | ||
| 260 | |c 1974 |a [San José, Costa Rica] | ||
| 300 | |a 55 hojas : ilustraciones | ||
| 500 | |a Tesis (Ingenieria Civil)--Universidad de Costa Rica. | ||
| 650 | |x CAFE - INDUSTRIA Y COMERCIO |x DISPOSICION DE AGUAS RESIDUALES |9 16702 | ||
| 942 | |c TFG | ||
| 999 | |c 12095 |d 12095 | ||
